| 000 | 00955pam a2200301 a 4500 | ||
|---|---|---|---|
| 005 | 20260322212025.0 | ||
| 008 | data | ||
| 010 | _a 93050885 | ||
| 020 |
_a0517598604 : _c$18.00 ($24.00 Can.) |
||
| 020 |
_a9780517598603 : _c$18.00 ($24.00 Can.) |
||
| 040 |
_aDLC _cDLC _dDLC |
||
| 050 | 0 | 0 |
_aHF5548.8 _b.B94 1994 |
| 082 | 0 | 0 |
_a650.1 _220 |
| 092 | _a650.1 B94 1994 | ||
| 100 | 1 | _aByham, William C. | |
| 245 | 1 | 0 |
_aHeroZ : _bempower yourself, your coworkers, your company / _cWilliam C. Byham & Jeff Cox. |
| 250 | _a1st ed. | ||
| 260 |
_aNew York : _bHarmony Books, _cc1994. |
||
| 300 |
_axiii, 201 p. : _bill. ; _c22 cm. |
||
| 650 | 0 | _aPsychology, Industrial. | |
| 650 | 0 | _aInterpersonal relations. | |
| 650 | 0 | _aLabor productivity. | |
| 650 | 0 | _aQuality assurance. | |
| 650 | 0 | _aEmployee motivation. | |
| 700 | 1 |
_aCox, Jeff, _d1951- |
|
| 856 | 4 | 2 |
_3Publisher description _uhttp://www.loc.gov/catdir/description/random049/93050885.html |
| 001 | data | ||
| 999 |
_c575 _d575 |
||